000 00308nam a2200121Ia 4500
008 241015s9999 xx 000 0 und d
041 _aeng
082 _a005.133 MUE
100 _aMueller
245 _aPython For Data Science For Dummies
260 _bWiley India
_aNew Delhi
_c2019
300 _a467;. P. 23 cm
999 _c41884
_d41884